000
00331 a2200157 4500
001
181299
020
_a
040
_c
Magnum
100
_a
Kupstas, Marcia
240
1
0
_a
O primeiro beijo
_l
por
245
1
0
_a
O primeiro beijo
362
0
_a
1899
440
1
_a
Moderna
697
_a
MAGNITO: J/ADOLESCENTE, NAMORO
942
_c
BK
999
_c
181299
_d
181299